000
00295nam a22001337a 4500
008
170614b xxu||||| |||| 00| 0 eng d
020
_a
9780300101553
041
_a
eng
080
_a
94
100
_a
17
101
_a
SHH
245
_a
A INSIDER'S GUIDE TO THE UN
_c
FASULO,L
942
_2
udc
_c
BK
999
_c
17353
_d
17353